<?xml version="1.0" encoding="UTF-8"?>
<record
    xmlns:xsi="http://www.w3.org/2001/XMLSchema-instance"
    xsi:schemaLocation="http://www.loc.gov/MARC21/slim http://www.loc.gov/standards/marcxml/schema/MARC21slim.xsd"
    xmlns="http://www.loc.gov/MARC21/slim">

  <leader>00689nam a2200229Ia 4500</leader>
  <controlfield tag="005">20220615104221.0</controlfield>
  <controlfield tag="008">210716s2005    xx            000 0 und d</controlfield>
  <datafield tag="020" ind1=" " ind2=" ">
    <subfield code="a">8174464507</subfield>
  </datafield>
  <datafield tag="040" ind1=" " ind2=" ">
    <subfield code="c">AIMIT LIBRARY</subfield>
  </datafield>
  <datafield tag="041" ind1=" " ind2=" ">
    <subfield code="a">eng</subfield>
  </datafield>
  <datafield tag="082" ind1=" " ind2=" ">
    <subfield code="a">511.2</subfield>
    <subfield code="2">2</subfield>
    <subfield code="b">BHAR</subfield>
  </datafield>
  <datafield tag="100" ind1=" " ind2=" ">
    <subfield code="a">Bhardwaj, R S.</subfield>
    <subfield code="9">42517</subfield>
  </datafield>
  <datafield tag="245" ind1=" " ind2=" ">
    <subfield code="a">Mathematics for economics and business /</subfield>
    <subfield code="c">By R S Bhardwaj.</subfield>
  </datafield>
  <datafield tag="250" ind1=" " ind2=" ">
    <subfield code="a">2nd ed.</subfield>
  </datafield>
  <datafield tag="260" ind1=" " ind2=" ">
    <subfield code="a">New Delhi ;</subfield>
    <subfield code="b">Excel Books ,</subfield>
    <subfield code="c">2005.</subfield>
  </datafield>
  <datafield tag="300" ind1=" " ind2=" ">
    <subfield code="a">ix,10.42,A.20p. ;</subfield>
    <subfield code="b">PB</subfield>
    <subfield code="c">25 cm.</subfield>
  </datafield>
  <datafield tag="650" ind1=" " ind2=" ">
    <subfield code="a">Matrix algebra</subfield>
    <subfield code="9">42518</subfield>
  </datafield>
  <datafield tag="650" ind1=" " ind2=" ">
    <subfield code="a">Maxima and  minima</subfield>
    <subfield code="9">42519</subfield>
  </datafield>
  <datafield tag="650" ind1=" " ind2=" ">
    <subfield code="a">Mathematics of finance</subfield>
    <subfield code="9">42520</subfield>
  </datafield>
  <datafield tag="650" ind1=" " ind2=" ">
    <subfield code="a">Linear programming</subfield>
    <subfield code="9">42521</subfield>
  </datafield>
  <datafield tag="942" ind1=" " ind2=" ">
    <subfield code="2">ddc</subfield>
    <subfield code="c">BK</subfield>
    <subfield code="e">2nd</subfield>
    <subfield code="k">511.2 BHAR</subfield>
  </datafield>
  <datafield tag="999" ind1=" " ind2=" ">
    <subfield code="c">201273</subfield>
    <subfield code="d">201273</subfield>
  </datafield>
  <datafield tag="952" ind1=" " ind2=" ">
    <subfield code="0">0</subfield>
    <subfield code="1">0</subfield>
    <subfield code="4">0</subfield>
    <subfield code="7">0</subfield>
    <subfield code="8">MCA</subfield>
    <subfield code="a">AIMIT</subfield>
    <subfield code="b">AIMIT</subfield>
    <subfield code="d">2021-07-16</subfield>
    <subfield code="e">Donated</subfield>
    <subfield code="l">0</subfield>
    <subfield code="o">511.2 BHAR</subfield>
    <subfield code="p">MCA06370</subfield>
    <subfield code="r">2026-05-23 00:00:00</subfield>
    <subfield code="w">2021-07-16</subfield>
    <subfield code="y">BK</subfield>
  </datafield>
  <datafield tag="952" ind1=" " ind2=" ">
    <subfield code="0">0</subfield>
    <subfield code="1">0</subfield>
    <subfield code="2">ddc</subfield>
    <subfield code="4">0</subfield>
    <subfield code="7">3</subfield>
    <subfield code="8">MBA</subfield>
    <subfield code="a">AIMIT</subfield>
    <subfield code="b">AIMIT</subfield>
    <subfield code="d">2006-07-11</subfield>
    <subfield code="g">225.00</subfield>
    <subfield code="i">Bill no:115; Bill dt:2006-06-24</subfield>
    <subfield code="l">0</subfield>
    <subfield code="o">511.2 BHAR</subfield>
    <subfield code="p">MBA03839</subfield>
    <subfield code="r">2025-07-21 00:00:00</subfield>
    <subfield code="v">180.00</subfield>
    <subfield code="w">2021-07-16</subfield>
    <subfield code="y">BK</subfield>
  </datafield>
  <datafield tag="952" ind1=" " ind2=" ">
    <subfield code="0">0</subfield>
    <subfield code="1">0</subfield>
    <subfield code="2">ddc</subfield>
    <subfield code="4">0</subfield>
    <subfield code="7">0</subfield>
    <subfield code="8">MBA</subfield>
    <subfield code="a">AIMIT</subfield>
    <subfield code="b">AIMIT</subfield>
    <subfield code="d">2010-09-13</subfield>
    <subfield code="g">240.00</subfield>
    <subfield code="l">0</subfield>
    <subfield code="o">511.2 BHAR</subfield>
    <subfield code="p">MBA08044</subfield>
    <subfield code="r">2026-05-23 00:00:00</subfield>
    <subfield code="v">192.00</subfield>
    <subfield code="w">2021-07-16</subfield>
    <subfield code="y">BK</subfield>
  </datafield>
  <datafield tag="952" ind1=" " ind2=" ">
    <subfield code="0">0</subfield>
    <subfield code="1">0</subfield>
    <subfield code="2">ddc</subfield>
    <subfield code="4">0</subfield>
    <subfield code="7">0</subfield>
    <subfield code="8">MBA</subfield>
    <subfield code="a">AIMIT</subfield>
    <subfield code="b">AIMIT</subfield>
    <subfield code="d">2010-09-13</subfield>
    <subfield code="g">240.00</subfield>
    <subfield code="i">Bill no:1121; Bill dt:2010-09-07</subfield>
    <subfield code="l">0</subfield>
    <subfield code="o">511.2 BHAR</subfield>
    <subfield code="p">MBA08045</subfield>
    <subfield code="r">2026-05-23 00:00:00</subfield>
    <subfield code="v">192.00</subfield>
    <subfield code="w">2021-07-16</subfield>
    <subfield code="y">BK</subfield>
  </datafield>
  <datafield tag="952" ind1=" " ind2=" ">
    <subfield code="0">0</subfield>
    <subfield code="1">0</subfield>
    <subfield code="2">ddc</subfield>
    <subfield code="4">0</subfield>
    <subfield code="7">0</subfield>
    <subfield code="8">MBA</subfield>
    <subfield code="a">AIMIT</subfield>
    <subfield code="b">AIMIT</subfield>
    <subfield code="d">2010-09-13</subfield>
    <subfield code="g">240.00</subfield>
    <subfield code="i">Bill no:1121; Bill dt:2010-09-07</subfield>
    <subfield code="l">0</subfield>
    <subfield code="o">511.2 BHAR</subfield>
    <subfield code="p">MBA08046</subfield>
    <subfield code="r">2026-05-23 00:00:00</subfield>
    <subfield code="v">192.00</subfield>
    <subfield code="w">2021-07-16</subfield>
    <subfield code="y">BK</subfield>
  </datafield>
  <datafield tag="952" ind1=" " ind2=" ">
    <subfield code="0">0</subfield>
    <subfield code="1">0</subfield>
    <subfield code="2">ddc</subfield>
    <subfield code="4">0</subfield>
    <subfield code="7">0</subfield>
    <subfield code="8">MBA</subfield>
    <subfield code="a">AIMIT</subfield>
    <subfield code="b">AIMIT</subfield>
    <subfield code="d">2010-09-13</subfield>
    <subfield code="g">240.00</subfield>
    <subfield code="i">Bill no:1121; Bill dt:2010-09-07</subfield>
    <subfield code="l">0</subfield>
    <subfield code="o">511.2 BHAR</subfield>
    <subfield code="p">MBA08047</subfield>
    <subfield code="r">2026-05-23 00:00:00</subfield>
    <subfield code="v">192.00</subfield>
    <subfield code="w">2021-07-16</subfield>
    <subfield code="y">BK</subfield>
  </datafield>
  <datafield tag="952" ind1=" " ind2=" ">
    <subfield code="0">0</subfield>
    <subfield code="1">0</subfield>
    <subfield code="2">ddc</subfield>
    <subfield code="4">0</subfield>
    <subfield code="7">0</subfield>
    <subfield code="8">MBA</subfield>
    <subfield code="a">AIMIT</subfield>
    <subfield code="b">AIMIT</subfield>
    <subfield code="d">2010-09-13</subfield>
    <subfield code="g">240.00</subfield>
    <subfield code="i">Bill no:1121; Bill dt:2010-09-07</subfield>
    <subfield code="l">0</subfield>
    <subfield code="o">511.2 BHAR</subfield>
    <subfield code="p">MBA08048</subfield>
    <subfield code="r">2026-05-23 00:00:00</subfield>
    <subfield code="v">192.00</subfield>
    <subfield code="w">2021-07-16</subfield>
    <subfield code="y">BK</subfield>
  </datafield>
  <datafield tag="952" ind1=" " ind2=" ">
    <subfield code="0">0</subfield>
    <subfield code="1">0</subfield>
    <subfield code="2">ddc</subfield>
    <subfield code="4">0</subfield>
    <subfield code="7">0</subfield>
    <subfield code="8">MBA</subfield>
    <subfield code="a">AIMIT</subfield>
    <subfield code="b">AIMIT</subfield>
    <subfield code="d">2010-09-13</subfield>
    <subfield code="g">240.00</subfield>
    <subfield code="i">Bill no:1121; Bill dt:2010-09-07</subfield>
    <subfield code="l">0</subfield>
    <subfield code="o">511.2 BHAR</subfield>
    <subfield code="p">MBA08049</subfield>
    <subfield code="r">2026-05-23 00:00:00</subfield>
    <subfield code="v">192.00</subfield>
    <subfield code="w">2021-07-16</subfield>
    <subfield code="y">BK</subfield>
  </datafield>
  <datafield tag="952" ind1=" " ind2=" ">
    <subfield code="0">0</subfield>
    <subfield code="1">0</subfield>
    <subfield code="2">ddc</subfield>
    <subfield code="4">0</subfield>
    <subfield code="7">0</subfield>
    <subfield code="8">MBA</subfield>
    <subfield code="a">AIMIT</subfield>
    <subfield code="b">AIMIT</subfield>
    <subfield code="d">2010-09-13</subfield>
    <subfield code="g">240.00</subfield>
    <subfield code="i">Bill no:1121; Bill dt:2010-09-07</subfield>
    <subfield code="l">0</subfield>
    <subfield code="o">511.2 BHAR</subfield>
    <subfield code="p">MBA08050</subfield>
    <subfield code="r">2026-05-23 00:00:00</subfield>
    <subfield code="v">192.00</subfield>
    <subfield code="w">2021-07-16</subfield>
    <subfield code="y">BK</subfield>
  </datafield>
  <datafield tag="952" ind1=" " ind2=" ">
    <subfield code="0">0</subfield>
    <subfield code="1">0</subfield>
    <subfield code="2">ddc</subfield>
    <subfield code="4">0</subfield>
    <subfield code="7">0</subfield>
    <subfield code="8">MBA</subfield>
    <subfield code="a">AIMIT</subfield>
    <subfield code="b">AIMIT</subfield>
    <subfield code="d">2010-09-13</subfield>
    <subfield code="g">240.00</subfield>
    <subfield code="i">Bill no:1121; Bill dt:2010-09-07</subfield>
    <subfield code="l">0</subfield>
    <subfield code="o">511.2 BHAR</subfield>
    <subfield code="p">MBA08051</subfield>
    <subfield code="r">2026-05-23 00:00:00</subfield>
    <subfield code="v">192.00</subfield>
    <subfield code="w">2021-07-16</subfield>
    <subfield code="y">BK</subfield>
  </datafield>
  <datafield tag="952" ind1=" " ind2=" ">
    <subfield code="0">0</subfield>
    <subfield code="1">0</subfield>
    <subfield code="2">ddc</subfield>
    <subfield code="4">0</subfield>
    <subfield code="7">0</subfield>
    <subfield code="8">MBA</subfield>
    <subfield code="a">AIMIT</subfield>
    <subfield code="b">AIMIT</subfield>
    <subfield code="d">2010-09-13</subfield>
    <subfield code="g">240.00</subfield>
    <subfield code="i">Bill no:1121; Bill dt:2010-09-07</subfield>
    <subfield code="l">0</subfield>
    <subfield code="o">511.2 BHAR</subfield>
    <subfield code="p">MBA08052</subfield>
    <subfield code="r">2026-05-23 00:00:00</subfield>
    <subfield code="v">192.00</subfield>
    <subfield code="w">2021-07-16</subfield>
    <subfield code="y">BK</subfield>
  </datafield>
  <datafield tag="952" ind1=" " ind2=" ">
    <subfield code="0">0</subfield>
    <subfield code="1">0</subfield>
    <subfield code="2">ddc</subfield>
    <subfield code="4">0</subfield>
    <subfield code="7">0</subfield>
    <subfield code="8">MBA</subfield>
    <subfield code="a">AIMIT</subfield>
    <subfield code="b">AIMIT</subfield>
    <subfield code="d">2010-09-13</subfield>
    <subfield code="g">240.00</subfield>
    <subfield code="i">Bill no:1121; Bill dt:2010-09-07</subfield>
    <subfield code="l">0</subfield>
    <subfield code="o">511.2 BHAR</subfield>
    <subfield code="p">MBA08053</subfield>
    <subfield code="r">2026-05-23 00:00:00</subfield>
    <subfield code="v">192.00</subfield>
    <subfield code="w">2021-07-16</subfield>
    <subfield code="y">BK</subfield>
  </datafield>
  <datafield tag="952" ind1=" " ind2=" ">
    <subfield code="0">0</subfield>
    <subfield code="1">0</subfield>
    <subfield code="2">ddc</subfield>
    <subfield code="4">0</subfield>
    <subfield code="7">0</subfield>
    <subfield code="8">MBA</subfield>
    <subfield code="a">AIMIT</subfield>
    <subfield code="b">AIMIT</subfield>
    <subfield code="d">2010-09-13</subfield>
    <subfield code="g">240.00</subfield>
    <subfield code="i">Bill no:1121; Bill dt:2010-09-07</subfield>
    <subfield code="l">0</subfield>
    <subfield code="o">511.2 BHAR</subfield>
    <subfield code="p">MBA08054</subfield>
    <subfield code="r">2026-05-23 00:00:00</subfield>
    <subfield code="v">192.00</subfield>
    <subfield code="w">2021-07-16</subfield>
    <subfield code="y">BK</subfield>
  </datafield>
  <datafield tag="952" ind1=" " ind2=" ">
    <subfield code="0">0</subfield>
    <subfield code="1">0</subfield>
    <subfield code="2">ddc</subfield>
    <subfield code="4">0</subfield>
    <subfield code="7">0</subfield>
    <subfield code="8">MBA</subfield>
    <subfield code="a">AIMIT</subfield>
    <subfield code="b">AIMIT</subfield>
    <subfield code="d">2010-09-13</subfield>
    <subfield code="g">240.00</subfield>
    <subfield code="i">Bill no:1121; Bill dt:2010-09-07</subfield>
    <subfield code="l">0</subfield>
    <subfield code="o">511.2 BHAR</subfield>
    <subfield code="p">MBA08055</subfield>
    <subfield code="r">2026-05-23 00:00:00</subfield>
    <subfield code="v">192.00</subfield>
    <subfield code="w">2021-07-16</subfield>
    <subfield code="y">BK</subfield>
  </datafield>
  <datafield tag="952" ind1=" " ind2=" ">
    <subfield code="0">0</subfield>
    <subfield code="1">0</subfield>
    <subfield code="2">ddc</subfield>
    <subfield code="4">0</subfield>
    <subfield code="7">0</subfield>
    <subfield code="8">MBA</subfield>
    <subfield code="a">AIMIT</subfield>
    <subfield code="b">AIMIT</subfield>
    <subfield code="d">2010-12-15</subfield>
    <subfield code="g">240.00</subfield>
    <subfield code="i">Bill no:ABK507; Bill dt:2010-09-</subfield>
    <subfield code="l">0</subfield>
    <subfield code="o">511.2 BHAR</subfield>
    <subfield code="p">MBA08593</subfield>
    <subfield code="r">2026-05-23 00:00:00</subfield>
    <subfield code="v">180.00</subfield>
    <subfield code="w">2021-07-16</subfield>
    <subfield code="y">BK</subfield>
  </datafield>
</record>
